Land vs. Land #52 - Statistiken

Allgemein
  • Dieses Quiz wurde 22 mal gespielt
  • Das Durchschnittsergebnis liegt bei 12 aus 14
Antwortstatistiken
Frage Antwort % Korrekt
...Bruttoinlandsprodukt pro Kopf? Italien🇮🇹
100%
...Tourismus? Italien🇮🇹
100%
...Gesundheitswesen? Italien🇮🇹
100%
...Frieden? Italien🇮🇹
100%
...durchschnittlicher IQ? Italien🇮🇹
100%
...Exportmengen? Italien🇮🇹
100%
...Gewinner? Italien🇮🇹
100%
...Einwohner? Italien🇮🇹
95%
...Bruttoinlandsprodukt? Italien🇮🇹
95%
...HDI (Human Development Index)? Italien🇮🇹
95%
...Lebenserwartung? Italien🇮🇹
95%
...Militär? Italien🇮🇹
89%
...Fläche? Italien🇮🇹
53%
...Happy Planet Index? Tadschikistan🇹🇯
5%
Keine übereinstimmenden Quizze gefunden
Verteilung der Resultate
Anzahl Personen mit jedem Resultat
Perzentil nach korrekt beantworteten Fragen
Ihre Resultats-Entwicklung
Sie haben dieses Quiz noch nicht gespielt